Central Library OPAC University of Rajshahi
Normal view MARC view

Entry Personal Name

Number of records used in: 2

001 - CONTROL NUMBER

  • control field: 7322

003 - CONTROL NUMBER IDENTIFIER

  • control field: BD-RjUL

005 - DATE AND TIME OF LATEST TRANSACTION

  • control field: 20230411105647.0

008 - FIXED-LENGTH DATA ELEMENTS

  • fixed length control field: 230411|| aca||aabn | a|a d

040 ## - CATALOGING SOURCE

  • Original cataloging agency: BD-RjUL
  • Transcribing agency: BD-RjUL

100 ## - HEADING--PERSONAL NAME

  • Personal name: আসাদুজ্জামান, মোহাম্মদ, প্রিন্সিপ্যাল সুপারভাইজার

670 ## - SOURCE DATA FOUND

  • Source citation: Work cat.: (BD-RjUL)81341: করিম, মো. রেজাউল 4356, ইসলামী সংস্কৃতির স্বরুপ :, ২০১০